Counties of California by Borders in 60 Seconds - Statistics

General Stats
  • This quiz has been taken 219 times
  • The average score is 42 of 58
Answers on the Map
Answers color-coded by a green-red scale on the quiz's map according to % correct below.
 
Answer Stats
County % Correct
San Bernardino
98%
Orange
96%
Los Angeles
95%
Riverside
93%
San Diego
90%
Ventura
90%
Inyo
87%
Yolo
86%
San Joaquin
85%
Kern
83%
Fresno
82%
Sacramento
82%
San Mateo
82%
Tulare
82%
Kings
80%
Merced
80%
Mono
80%
Placer
80%
Sutter
80%
Imperial
79%
San Benito
79%
Contra Costa
78%
Monterey
78%
San Francisco
78%
Solano
78%
El Dorado
76%
Madera
76%
Amador
74%
Santa Clara
74%
Lake
72%
Stanislaus
72%
Alameda
71%
Napa
71%
Santa Barbara
71%
Sonoma
71%
San Luis Obispo
70%
Mendocino
67%
Plumas
67%
Yuba
67%
Santa Cruz
66%
Shasta
66%
Siskiyou
66%
Lassen
65%
Tehama
65%
Nevada
63%
Tuolumne
63%
Modoc
62%
Trinity
62%
Alpine
61%
Sierra
61%
Calaveras
59%
Glenn
59%
Humboldt
58%
Butte
55%
Colusa
54%
Marin
52%
Del Norte
51%
Mariposa
51%
No matching quizzes found
Score Distribution
Percent of People with Each Score
Percentile by Number Answered
Your Score History
You have not taken this quiz